1005 1537 1077 1430 1092 1678 1351 1676 1365 1104 1269 1180 1637 1116 1245 1669 1821 1074 1275 1719 1795 1799 1245 1254 1349 1939 1670 1615 1336 1027 1225 1832 1903 1944 1411 1544 1058 1352 1817 1915 1965 1785 1971 1943 1132 1889 1667 1404 1627 1746 1010 1244 1633 1373 1202 1617 1139 1803 1802 1417 1716 1293 1026 1952 1044 1691 1988 1123 1532 1070 1784 1903 1088 1034 1450 1825 1758 1548 1815 1436 1196 1914 1062 1804 1534 1329 1561 1241 1937 1539 1727 1552 1482 1267 1600 1155 1831 1980 1107 BCNSPRNW ULIB Ver.6.0+V

เปลี่ยนเป็นภาษาไทย

Change to English
 แสดงรายละเอียดบรรณานุกรม
  กลับหน้าหลัก

Brief Record : Get Marc (ISO 2709) : E-mail record : QR code < ปิดหน้าต่าง
LEADER : 00000nam 2200000uu 4500
001    13399121966
003     ULIB
008    121217s2546||||th 000 0 tha d
020    ^a9749015517
060 04 ^aWM29^bส181ค 2546
110 0  ^aโดยสถาบันสุขภาพจิตเด็กและวัยรุ่น
245 10 ^aคู่มือครู:กิจกรรมกลุ่ม จิตสังคมบำบัดในโรงเรียน/^cโดยสถาบันสุขภาพจิตเด็กและวัยรุ่น
250    ^aพิมพ์ครั้งที่ 2
260    ^aกรุงเทพฯ :^bโดยสถาบันสุขภาพจิตเด็กและวัยรุ่น,^c2546
300    ^a108 หน้า
650  2 ^aMental health
700 10 ^aกระทรวงสาธารณสุข.^bกรมสุขภาพจิต
945    ^p0^l0^i13639
995    ^aทศพร
999    ^aทศพร เกษรทอง
รายการนี้ยังไม่มีแท็ก
คุณยังไม่ได้ล็อกอิน คุณสามารถมีกิจกรรมร่วมกับเว็บไซต์ได้ แต่ต้องล็อกอินก่อน ::
  ล็อกอิน

รายการสื่อสารสนเทศ

ลำดับที่ ประเภท เลขเรียก/บาร์โค้ด สถานที่ สถานะ
1. วิทยาศาสตร์การแพทย์ และสุขภาพ
วิทยาศาสตร์การแพทย์ และสุขภาพ
WM29 ส181ค 2546 ฉ.1 
  Barcode: 13639
ห้องสมุดวิทยาเขตสวรรค์ประชารักษ์
►หนังสือทั่วไป
บนชั้น

รายการใกล้เคียง
    หัวเรื่อง [Mental health]

BibComment


ยังไม่เคยถูกคอมเมนท์

คอมเมนท์ทรัพยากรรายการนี้
  คอมเมนท์: คู่มือครูกิจกรรม..


 Copyright 2026. Bcnsprnw @Library